000 00485nam a2200193Ia 4500
005 20260429112210.0
008 260429s9999||||xx |||||||||||||| ||und||
020 _a9788180943072
041 _aEnglish
082 _a915.48
_bMAT
100 _aMateer, Samuel
245 0 _aLand of charity /
_cSamuel Mateer
250 _a1st ed.
260 _aChennai :
_bMaven Books,
_c2024.
300 _aviii, 370 p.; hb
650 _a Philanthropy
650 _aSocial welfare
942 _cTB
999 _c52855
_d52855